Villette
Novela victoriana que narra la historia de Lucy Snowe que trabaja de maestra y se muda a Villette para vivir de forma independiente. Con un punto de vista pesimista la joven maestra va evolucionando gracias a su vinculación con otros profesores, conociendo el amor y perdiéndolo a la vez. Toca temas...
Gespeichert in:
| 1. Verfasser: | |
|---|---|
| Format: | Buch |
| Sprache: | Undetermined |
| Veröffentlicht: |
Estados Unidos
Penguin Books
1994
|
| Schlagworte: | |
| Tags: |
Tag hinzufügen
Keine Tags, Fügen Sie den ersten Tag hinzu!
|
MARC
| LEADER | 00000nam a2200000Ia 4500 | ||
|---|---|---|---|
| 008 | 170316s9999 xx 000 0 und d | ||
| 040 | |a cru BVZT | ||
| 090 | |a 820 B-21v | ||
| 100 | |a Bronte, Charlotte | ||
| 245 | |a Villette | ||
| 260 | |a Estados Unidos | ||
| 260 | |b Penguin Books | ||
| 260 | |c 1994 | ||
| 300 | |a 507 páginas | ||
| 520 | |a Novela victoriana que narra la historia de Lucy Snowe que trabaja de maestra y se muda a Villette para vivir de forma independiente. Con un punto de vista pesimista la joven maestra va evolucionando gracias a su vinculación con otros profesores, conociendo el amor y perdiéndolo a la vez. Toca temas más religiosos (rivalidad del catolicismo y prostatismo), amor no correspondido y la propia depresión, además de tener un desenlace triste. | ||
| 650 | |a LITERATURA INGLESA |9 12 | ||
| 999 | |c 6731 |d 6731 | ||
| 942 | |c 15 D |h 820 B-21v |2 z | ||
